Loading...
Hinduja foundation encyclopedia of Nobel laureates 1901-1987
| Main Author: | |
|---|---|
| Format: | Printed Book |
| Published: |
New Delhi, Konark
1986
|
| Subjects: |
| LEADER | 004840000a22001570004500 | ||
|---|---|---|---|
| 082 | |a 920.02 M8;1 | ||
| 100 | |a Ashoke K Bagchi | ||
| 245 | |a Hinduja foundation encyclopedia of Nobel laureates 1901-1987 | ||
| 260 | |a New Delhi, Konark | ||
| 260 | |c 1986 | ||
| 465 | |a R 500 | ||
| 650 | |a Awards | ||
| 650 | |a Nobel prizes | ||
| 942 | |c BK | ||
| 999 | |c 1521 |d 1521 | ||
| 952 | |0 0 |1 0 |4 0 |6 920_020000000000000_M81 |7 0 |8 REF |9 1313 |a MGUL |b MGUL |d 2013-07-16 |e R 500 |l 0 |o 920.02 M8;1 |p 06541 |r 2013-07-16 |w 2013-07-16 |y REF | ||